000 00562nam a2200181Ia 4500
005 20250923145326.0
008 008 250917s9999 xx 000 0 eng d
037 _aTextual
040 _aDSWL
_beng
_cDSWL
041 _aeng
_2eng
084 _aYX,A;5-P:(X).2, N71
_qDSWL
100 _aSimmons, George B.
_9834090
245 0 _aIndian investment in Family Planning
_c by George B. Simmons
260 _aNew York
_b Population Council
_c1971
300 _axviii,213p.
942 _cTEXL
_hYX,A;5-P:(X).2, N71
999 _c1450008
_d1450008